banner koha

Comparação da qualidade dos tecidos do pecíolo de buriti (Mauritia flexuosa L. f.) para combustão e carbonização (Registro n. 300356)

MARC details
000 -LÍDER
fixed length control field 05634nab a2200349 i 4500
003 - CÓDIGO MARC DA AGÊNCIA CATALOGADORA
Campo de controle BR-BrBNA
005 - DATA E HORA DA ÚLTIMA ATUALIZAÇÃO
Campo de controle 20240702144753.0
008 - CAMPO DE TAMANHO FIXO
fixed length control field 240702b2020 bl.qr|pooa||| 00| 0 por |
040 ## - FONTE DA CATALOGAÇÃO
Agência catalogadora BR-BrBNA
Idioma da catalogação por
072 ## - CATEGORIA AGRIS
Código AGRIS P06
Código do objeto 1190
072 ## - CATEGORIA AGRIS
Código AGRIS F60
100 ## - ENTRADA PRINCIPAL - NOME PESSOAL
Nome pessoal Souza, Lyssa Martins de
100 ## - ENTRADA PRINCIPAL - NOME PESSOAL
Nome pessoal Bezerra, Jefferson Bezerra
100 ## - ENTRADA PRINCIPAL - NOME PESSOAL
Nome pessoal Queiroz, Wiully Luan Valverde de
100 ## - ENTRADA PRINCIPAL - NOME PESSOAL
Nome pessoal Trugilho, Paulo Fernando
100 ## - ENTRADA PRINCIPAL - NOME PESSOAL
Nome pessoal Protásio, Thiago de Paula
100 ## - ENTRADA PRINCIPAL - NOME PESSOAL
Nome pessoal Souza, Tiago Marcolino de
100 ## - ENTRADA PRINCIPAL - NOME PESSOAL
Nome pessoal Bufalino, Lina
245 ## - TÍTULO PRINCIPAL
Título principal Comparação da qualidade dos tecidos do pecíolo de buriti (Mauritia flexuosa L. f.) para combustão e carbonização
500 ## - NOTA GERAL
Nota geral Publicação on-line; Bibliography p. 528-531 (50 ref.); 4 tables; 5 illus.; Summaries (En, Pt)
942 ## - ADDED ENTRY ELEMENTS (KOHA)
Koha item type
520 ## - NOTA DE RESUMO
Nota de conteúdo <br/><br/>Resumo<br/><br/>Apesar da importância social, cultural e econômica para a Região Amazônica, o potencial energético<br/>da Mauritia flexuosa, popularmente conhecida como buriti, ainda não foi explorado para ampliar as<br/>possibilidades de uso dessa espécie pelas comunidades locais. Assim, o objetivo deste trabalho é comparar<br/>o potencial dos tecidos que compõem o pecíolo de Mauritia flexuosa para combustão e carbonização. O<br/>miolo e casca do pecíolo foram separados e caracterizados por composição química (extrativos removíveis<br/>por água e totais, lignina e cinzas), umidade base úmida, composição imediata (teores de materiais voláteis,<br/>carbono fixo e cinzas), densidade básica, poder calorífico superior e análise termogravimétrica em atmosfera<br/>inerte de N2. Os dois tecidos do pecíolo de Mauritia flexuosa apresentaram vantagens para finalidades<br/>bioenergéticas, como: baixo teor de cinzas (≤ 2%), além de teor de carbono fixo (≈ 18%) e poder calorífico<br/>superior (≈ 18 MJ kg-1) adequados. Para miolo e casca, os teores de lignina (19 e 28%, respectivamente),<br/>extrativos (8,9 e 5%, respectivamente), e densidade básica (0,041 e 0,267 g cm-3, respectivamente) diferiram<br/>significativamente. Contudo, a composição imediata dos tecidos não foi influenciada por essas diferenças,<br/>ao contrário do poder calorífico e densidade energética. O comportamento termogravimétrico demonstrou<br/>taxa de degradação superior e rendimento final em massa inferior (7%) para o miolo em relação à casca. A<br/>casca apresentou melhor qualidade para combustão e carbonização em comparação ao miolo. Esse resultado<br/>é vantajoso para as comunidades extrativistas da Amazônia, pois a casca é um resíduo do processamento<br/>do pecíolo para obtenção do miolo, destinado à produção de artesanatos. Pela baixa densidade básica, o<br/>miolo é mais indicado para torrefação, densificação, pirólise para geração de bio-óleo e produção de filtros<br/>naturais e carvões ativados do que para combustão direta e carbonização.<br/><br/>Palavras-chave: Poder calorífico; Densidade energética; Degradação térmica
520 ## - NOTA DE RESUMO
Nota de conteúdo <br/><br/>Abstract<br/><br/>Despite its social, cultural and economic importance for the Amazon region, the energy potential of<br/>Mauritia flexuosa, popularly known as buriti, has not yet been explored in order to expand the possible<br/>uses of this species by the local communities. Therefore, the aim of this work was to compare the tissues<br/>that comprise the petiole of Mauritia flexuosa for combustion and carbonization. The petiole core and bark<br/>were separated and characterized by chemical composition (total and water-soluble extractives, lignin,<br/>and ashes), moisture content (based humid mass), proximate composition (contents of volatile matter,<br/>fixed carbon, and ash), basic density, higher heating value, and thermogravimetric analysis in N2 inert<br/>atmosphere. The two tissues from the Mauritia flexuosa petiole presented advantages for bioenergetic<br/>purposes, such as low ash content (≤ 2%) and higher heating value (≈ 18 MJ kg-1), in addition to suitable<br/>fixed carbon (≈ 18%). For the core and husk, the lignin contents (19 and 28%, respectively), extractives<br/>contents (9 and 5%, respectively), and basic density (0.041 and 0.267 g cm-3, respectively) significantly<br/>differed. However, the proximate composition of the tissues was not influenced by such differences, unlike<br/>the higher heating value and energy density. The thermogravimetric behavior showed higher degradation<br/>ratio and lower final mass yield (7%) for the core in comparison to the husk. The husk showed better<br/>quality for combustion and carbonization in comparison to the core. This is an advantageous result for the<br/>extractive activities of Amazonian communities because the husk is a waste from the petiole processing<br/>in order to obtain the core for handcraft. Due to the low basic density, the core can be noted for its use<br/>in torrefaction, densification, pyrolysis for the production of bio-oil and production of natural filters and<br/>activated charcoals, rather than direct combustion and carbonization.<br/><br/>Keywords: Heating value; Energy density; Thermal degradation
650 ## - ASSUNTO - THESAGRO
Cabeçalho tópico ou nome geográfico ENERGIA
650 ## - ASSUNTO - THESAGRO
Cabeçalho tópico ou nome geográfico BIOMASSA
650 ## - ASSUNTO - THESAGRO
Cabeçalho tópico ou nome geográfico BURITI
650 ## - ASSUNTO - THESAGRO
Cabeçalho tópico ou nome geográfico PECÍOLO
650 ## - ASSUNTO - THESAGRO
Cabeçalho tópico ou nome geográfico BIOENERGIA
773 0# - ENTRADA ANALÍTICA
Host Biblionumber 4065
Registro do item 315987
Imprenta Santa Maria-RS Universidade Federal de Santa Maria - Centro de Pesquisas Florestais.Departamento de Ciências Florestais. Programa de Pós-Graduação em Engenharia Florestal 1991
Outro identificador 2024-2357
Título Ciência Florestal (Brazil)
ISSN 0103-9954; 1980-5098 (on-line)
Colação v. 30(2) p. 516-531; (Apr-Jun 2020)
Número de controle de registro BR2023001759
856 ## - ACESSO E ENDEREÇO ELETRÔNICO
Identificador uniforme de recurso - URI https://www.scielo.br/j/cflo/a/RhQJRZ3bqZb6BDB3GHBmnRr/?format=pdf&lang=pt

Nenhum exemplar disponível.

BINAGRI

Telefone: (61)3218-2567/2388/3357/2097 - binagri@agro.gov.br

Ministério da Agricultura e Pecuária , Esplanada dos Ministérios, Bloco D, Anexo B, Brasília/DF, CEP: 70.043-900